Normal view
MARC view
- Sindhī Laʼngvīj Athāriṭī.
Entry Corporate Name
001 - CONTROL NUMBER
- control field: 12463
003 - CONTROL NUMBER IDENTIFIER
- control field: NUST
005 - DATE AND TIME OF LATEST TRANSACTION
- control field: 20181030113823.0
008 - FIXED-LENGTH DATA ELEMENTS
- fixed length control field: 181030|| aca||aabn | a|a d
040 ## - CATALOGING SOURCE
- Original cataloging agency: NUST
- Transcribing agency: NUST
110 ## - HEADING--CORPORATE NAME
- Corporate name or jurisdiction name as entry element: Sindhī Laʼngvīj Athāriṭī.
670 ## - SOURCE DATA FOUND
- Source citation: Work cat.: (NUST)0: Ḥusainu, Fahmīdah. 12459, Sindhī b̤olī :, 2012.
